The Avengers - Statistics

General Stats
  • This quiz has been taken 439 times
  • The average score is 6 of 6
Answer Stats
Answer % Correct
Iron Man
98%
Captain America
96%
Thor
95%
Black Widow
94%
Hawkeye
91%
The Hulk
76%
No matching quizzes found
Score Distribution
Percent of People with Each Score
Percentile by Number Answered
Your Score History
You have not taken this quiz